Riconosci la Squadra di calcio - Quiz n°220 - Statistics

Statistiche generali
  • Questo quiz è stato fatto 9 volte
  • Il punteggio medio è 9 su 10
Statistiche sulle risposte
Indizio Risposta % Corretto
Colori sociali Bianco, blu
100%
Simboli Gallo da battaglia
100%
Confederazione UEFA
100%
Fondazione 1882
86%
Titoli nazionali 2 Titoli d'Inghilterra
86%
Capienza Stadio 62 303 posti
86%
Divisione nazionale 2023-2024 Prima
86%
Trofei internazionali 1 Coppe delle Coppe
2 Coppe UEFA/Europa League
1 Coppa di Lega Italo-Inglese
71%
Trofei nazionali 8 Coppe d'Inghilterra4 Coppe di Lega inglesi 7 Community Shield
71%
Squadra Tottenham
71%
Nessun quiz corrispondente trovato
Distribuzione punteggi
Percentuale di utenti per punteggio
Percentile per numero di risposta
I tuoi punteggi nel tempo
Non hai fatto questo quiz